header

Windows server 2008 bible (Record no. 35009)

MARC details
000 -LEADER
fixed length control field 01135nam a2200289Ia 4500
100 1# - MAIN ENTRY--AUTHOR NAME
Personal name Shapiro, Jeffrey R.
245 10 - TITLE STATEMENT
Title Windows server 2008 bible
260 ## - PUBLICATION, DISTRIBUTION, ETC. (IMPRINT)
Place of publication Indianapolis, IN :
Name of publisher Wiley ;
Place of publication Chichester :
Name of publisher John Wiley [distributor],
Year of publication 2008.
300 ## - PHYSICAL DESCRIPTION
Number of Pages xxxv, 971 p. :
Other physical details ill.
500 ## - GENERAL NOTE
General note Includes index.
650 #0 - SUBJECT ADDED ENTRY--TOPICAL TERM
Topical Term Operating systems (Computers)
856 40 - ELECTRONIC LOCATION AND ACCESS
Uniform Resource Identifier http://site.ebrary.com/lib/rucke/Doc?id=10249186

No items available.

© 2026 Rongo University
Contact us: librarian | system librarian | Rongo university